000 00250nam a2200109Ia 4500
005 20251222141833.0
008 251222s9999||||xx |||||||||||||| ||spa||
082 _a985.05/G14
100 _aGaldo Gutierrez, Virgilio
245 0 _aAyacucho:
942 _cLIB
999 _c7170
_d7170